000 01370nam0a22003491 4500
001 RU\NLR\INFOCOMM_161\5000084355
005 20250613100228.0
035 _a(NLR Aleph) 009333542
090 _a9468341
_c9468341
100 _a20101015d1981 |||y0rusy50 ca
101 0 _aeng
_drus
102 _aRU
105 _ay ||||000|y
200 1 _aStrongly nonlinear surface polaritons
_fV. K. Fedyanin, D. Mihalache
210 _a[Дубна]
_cОбъед. ин-т ядер. исслед.
_d1981
215 _a4 с.
_d21 см
225 1 _aОбъединенный институт ядерных исследований, Дубна
_vЕ17-81-121
300 _aНа 2-й с. обл.: Сильнонелинейные поверхности поляритоны / Федянин В. К., Михалаке Д.
300 _aРез. на рус. яз.
300 _a"Submitted to "Физика твердого тела""
320 _aБиблиогр.: с. 4
606 _aПоляритоны поверхностные
_2nlr_sh1
686 _aВ371.231.42
_2rubbk
686 _aВ371.25
_2rubbk
700 1 _9z01790
_aFedjanin
_bV. K.
_gVladimir Konstantinovič
_4070
701 1 _aMihalache
_bD.
_4070
790 1 _9z01700
_aFedyanin
_bV. K.
_4070
801 1 _aRU
_bNLR
_c20101015
801 0 _aRU
_bNLR
_gPSBO
852 _aNLR
_jФз01 Д-4/1643
942 _cBOOK
980 _aNB